Наследницата на Валкорт (Запис номер 130564)
[ съкратено ]
| 000 -Лидер | |
|---|---|
| Лидер | 01296nam a2200337 a 4500 |
| 003 - Код на организацията, давaща контролен номер | |
| Код на организацията, даваща контролен номер | BLK |
| 005 - Дата и час на последна редакция | |
| Дата и час на последна редакция | 20250213133436.0 |
| 008 - Елементи от данни с фиксирана дължина | |
| Елементи с фиксирана дължина | 180409b bul|||||r ||||||| ||bul|| |
| 010 ## - Наследен системен номер | |
| LC control number | KNG00136330000 |
| 020 ## - Международен стандартен номер на книга ISBN | |
| ISBN | 978-954-409-328-0 |
| 040 ## - Източник на каталожния запис | |
| Код на библиотеката | BLK |
| 041 ## - Код за език | |
| Език | Български |
| Език за КДБФ | Български |
| 072 #7 - Код за тематичната категория | |
| Код организация | bullib |
| Код за тематична категория | Н8300 |
| Текст | Романтична проза Н |
| 080 ## - УДК | |
| УДК текст | Американска литература (на САЩ) |
| УДК код | 821.111(73) |
| УДК – определител | -31 |
| УДК – код + определител | 821.111(73)-31 |
| 084 ## - Класификационен индекс по друга класификация | |
| Авторски знак | Кот - К 87 |
| 100 1# - Редна дума - Автор | |
| Автор | Коултър, Катрин |
| R(LIN) | 83465 |
| 245 10 - Сведения за заглавието | |
| Заглавие | Наследницата на Валкорт |
| Подзаглавни данни | Роман |
| Авторска отговорност | Катрин Коултър; прев. от англ. Пламен Кирилов. |
| 257 ## - Страна на издаване | |
| Страна на създаване/издаване | Съединени американски щати |
| 260 ## - Област на издателските данни | |
| Място на издаване | София |
| Име на издателя | Плеяда |
| Година на издаване | 2012 |
| 300 ## - Физическа характеристика | |
| Брой страници | 312 с. |
| Размер | 20 см |
| 380 ## - Жанр | |
| Жанр | Худож. лит. |
| 490 ## - СЕРИИ (Колекции) | |
| Серия | Поредица Пеперуда : Съвременна романтична проза |
| 500 ## - Общи забележки | |
| Обща забележка | Ориг. загл. The Valcourt Heiress / Catherine Coulter. |
| 700 1# - Други автори (авторска отговорност) | |
| Друг автор | Кирилов, Пламен |
| Авт. отговорност на др. автор | прев. от англ. |
| 9 (RLIN) | 253363 |
| 852 ## - Местоположение | |
| Сигнатура (форматна) | Цб 256874 |
| 856 4# - Електронен адрес и достъп | |
| Електронен формат | pdf - файл |
| 856 4# - Електронен адрес и достъп | |
| Електронен формат | pdf - файл |
| 942 ## - АРТИКУЛИ | |
| Вид на библиотечния документ | Книги |
| Скрит в OPAC | Не |
| Koha issues (borrowed), all copies | 48 |
| 944 ## - СЪЗДАВАНЕ И РЕДАКЦИЯ на ЗАПИСА | |
| Създаване/Редакция | Създаване |
| Дата на регистрацията/редакция | 08.07.2009 |
| Номер на служител | Мартин Енчев |
| Служител, извършил регистрацията/редакцията | 30575 |
| 999 ## - СИСТЕМНИ КОНТРОЛНИ НОМЕРА | |
| Koha biblionumber | 130564 |
| Koha biblioitemnumber | 130564 |
| Код за отписване | Код за изгубен артикул | Код за повреда | Коз за рестрикции | Код за отдаване | Артикулен № | Име на библиотеката - собственик | Име на библиотеката, в която се намира в момента | Статус (Текущо местоположение) | Дата на вписване в системата | Местоположение - отдел | Цена в лева | Инвентарен номер | Систематично азбучна сигнатура | Баркод | Номер на екземпляра | Цена в евро | Служебна бележка | Служебен тип на артикула | Източник на класификационната схема |
|---|---|---|---|---|---|---|---|---|---|---|---|---|---|---|---|---|---|---|---|
| Изтеглен | Не е изгубен | Не е повреден | без рестрикции | заемане за дома | 212395 | Регионална библиотека "Любен Каравелов" Русе | Регионална библиотека "Любен Каравелов" Русе | Заемна - подръчен фонд | 2012-11-21 | Заемна - подръчен фонд | 10.14 | 120000761175 | П 820(73)-31/К 87 | 120000761175 | 1 | 5.18 | Дост: Pk Вид: Ф N: 820000048 Дата: 09.11.2012 | Книги | |
| Не е изгубен | Не е повреден | без рестрикции | заемане за дома | 212396 | Регионална библиотека "Любен Каравелов" Русе | Регионална библиотека "Любен Каравелов" Русе | Заемна - подръчен фонд | 2013-02-07 | Заемна - подръчен фонд | 13.00 | 120000763732 | П 820(73)-31/К 87 | 120000763732 | 2 | 6.65 | Дост: DA Вид: А N: 1 Дата: 07.02.2013 Дата инв: 15.02.2018 Бележки инв: П2018 | Книги | ||
| Не е изгубен | Не е повреден | без рестрикции | заемане за дома | 212397 | Регионална библиотека "Любен Каравелов" Русе | Регионална библиотека "Любен Каравелов" Русе | Заемна - подръчен фонд | 2013-02-07 | Заемна - подръчен фонд | 13.00 | 120000763733 | П 820(73)-31/К 87 | 120000763733 | 3 | 6.65 | Дост: DA Вид: А N: 1 Дата: 07.02.2013 Дата инв: 15.02.2018 Бележки инв: П2018 | Книги | ||
| Не е изгубен | Не е повреден | без рестрикции | ползва се в читалня | 212398 | Регионална библиотека "Любен Каравелов" Русе | Регионална библиотека "Любен Каравелов" Русе | Хранилище | 2014-05-19 | Хранилище | 13.00 | 120000777304 | Цб 256874 | 120000777304 | 4 | 6.65 | Дост: Dp Вид: Д N: 27 Дата: 24.06.2013 | Книги | ||
| Не е изгубен | Не е повреден | без рестрикции | заемане за дома | 212399 | Регионална библиотека "Любен Каравелов" Русе | Регионална библиотека "Любен Каравелов" Русе | Заемна - подръчен фонд | 2014-12-10 | Заемна - подръчен фонд | 3.00 | 120000783760 | П 820(73)-31/К 87 | 120000783760 | 5 | 1.53 | Дост: Pk Вид: Ф N: 422 Дата: 10.12.2014 Дата инв: 15.02.2018 Бележки инв: П2018 | Книги | Universal Decimal Classification | |
| Не е изгубен | Не е повреден | без рестрикции | заемане за дома | 688004 | Регионална библиотека "Любен Каравелов" Русе | Регионална библиотека "Любен Каравелов" Русе | Заемна - подръчен фонд | 2019-01-02 | Заемна - подръчен фонд | 5.00 | П 820(73)-31/К 87 | 120000828920 | 2.56 | Книги | Universal Decimal Classification | ||||
| Не е изгубен | Не е повреден | заемане за дома | 939785 | Регионална библиотека "Любен Каравелов" Русе | Регионална библиотека "Любен Каравелов" Русе | Заемна - подръчен фонд | 2024-02-01 | Заемна - подръчен фонд | 10.00 | 120000898814 | 821-31/К 87 К | 120000898814 | 5.11 | Книги | Universal Decimal Classification |